| 000 | 00784cab a2200265 4500 | ||
|---|---|---|---|
| 001 | WB2911-29 | ||
| 008 | 090401t1993 xxu||||| |||| 00| 0 eng d | ||
| 035 | _a(Sirsi) u72381 | ||
| 041 | _aeng | ||
| 245 | _aHousing rentals | ||
| 260 | _c1993 | ||
| 300 | _aLOAN | ||
| 350 | _a0 | ||
| 490 |
_aTimes _v17 March 1993, 37-40(4) |
||
| 520 | _aA survey covering the advantages of renting and the changing patterns in housing habits. Includes an article on the Association of Residential Letting Agents. | ||
| 650 | _aARLAS | ||
| 650 | _aASSOCATION OF RESIDENTIAL LETTING AGENTS | ||
| 650 | _aESTATE AGENTS | ||
| 650 | _aRENTED HOUSING | ||
| 650 | _aRESIDENTIAL LETTING AGENTS | ||
| 650 | _aRESIDENTIAL LETTINGS | ||
| 690 | _aHOUSING | ||
| 942 | _n0 | ||
| 948 | _c04/03/1997 | ||
| 999 |
_c45727 _d45727 |
||